• 首页
  • 本馆介绍
  • 公告通知
  • 最新文献
  • 馆藏检索
  • 电子资源
  • 读者导购
  • 参考咨询
  • 我的图书馆
  • 登录
  • 详细信息显示
  • 放入我的书架
  • 预约/预借图书
  • 作者相关作品
  • 分类相关作品
  • 丛书相关作品
  • 出版社相关作品

书目信息

  • 表格格式
  • 工作单格式
  • 卡片格式
题名:
加西亚.马尔克斯中短篇小说集
    
 
作者: 加夫列尔.加西亚.马尔克斯 著 ;赵德明 , 刘瑛 译
分册:  
出版信息: 上海   上海译文出版社  1982.10
页数: 711页
开本: 19cm
丛书名:
单 册:
中图分类: I775.4
科图分类:
主题词: 文学
电子资源:
ISBN:
000 00676nam0 2200217 45
001 0181021046
005 20060914105829.84
010    @dCNY1.95
100    @a20810111d km y0chiy0120 ea
101 0  @achi
105    @ac z 000ay
200 1  @Ajia xi ya . ma er ke si zhong duan pian xiao shuo ji@a加西亚.马尔克斯中短篇小说集@f(哥伦比亚)加夫列尔.加西亚.马尔克斯著@g赵德明,刘瑛等译
210    @a上海@c上海译文出版社@d1982.10
215    @a711页@c肖像@d19cm
606 0  @a文学
690    @aI775.4
701 0  @a加夫列尔.加西亚.马尔克斯@4著
702  0 @a赵德明@AZhao De Ming@4译
702  0 @a刘瑛@ALiu Ying@4译
801    @aCN@bTSTC@c20060914
905    @dI775.4@f1@b77331@e3
    
    加西亚.马尔克斯中短篇小说集/(哥伦比亚)加夫列尔.加西亚.马尔克斯著/赵德明,刘瑛等译.-上海:上海译文出版社,1982.10
    711页:肖像;19cm
    
    
    ISBN :CNY1.95
    
●
相关链接 在E读中查询图书 在五车中查询图书 在当当中查询图书 在豆瓣中查询图书


正题名:加西亚·马尔克斯中短篇小说集     索取号:I775.4/3         预约/预借

序号 登录号 条形码 馆藏地/架位号 状态 备注
1 0077331   000170120   第二借阅区/ [索取号:I775.4/3] 在馆    
2 0077332   000170200   第一样本阅览室/ [索取号:I775.4/3] 在馆    
3 0106221   000170004   第二借阅区/ [索取号:I775.4/3] 在馆    
4 0106222   000170040   第二借阅区/ [索取号:I775.4/3] 在馆    
5 0106223   000170086   第二借阅区/ [索取号:I775.4/3] 在馆    
6 0106224   000056780   第二借阅区/ [索取号:I775.4/3] 在馆    
7 0106225   000170166   第二借阅区/ [索取号:I775.4/3] 在馆    
8 0456439   204564391   密集书库/ [索取号:I775.4/3] 在馆    
9 0456440   204564408   密集书库/ [索取号:I775.4/3] 在馆    
10 0469765   204697658   密集书库/ [索取号:I775.4/3] 在馆    
11 0473685   204736857   密集书库/ [索取号:I775.4/3] 在馆    
唐山师范学院图书馆 欢迎您!
大连网信软件有限公司© 版权所有